000 00188 a2200097 4500
020 _a9788492916009
041 _aspa
100 _aBalogh, Mary
245 _aSimplemente Magico
942 _cBK
999 _c10490
_d10490